000 00634nam a2200205 a 4500
003 PILC
005 20160205092410.0
008 111003s19uu xx 00 eng d
020 _a9781605094113
050 _aBF 505.G6
_b.T73 2010
100 _aTracy, Brian.
245 _aGoals :
_bhow to get everything you want faster than you ever thought possible /
_cBrian Tracy.
260 _aSan Francisco :
_bBerret-Koehler Publishers,
_c2010.
300 _a296 pages ;
_c23 cm.
500 _aIncludes indexes.
650 _aGoal (psychology).
650 _aSuccess
_xPsychological aspects.
942 _cBK
_2lcc
_kFOR
999 _c24420
_d24420